Statistics for Sopranos Trivia

Click here to take the quiz!

General Stats

  • This quiz has been taken 2,072 times
  • The average score is 14 of 22

Answer Stats

Hint Answer % Correct
U.S. state where the show takes placeNew Jersey
91%
Actor who played TonyJames GandolfiniĀ 
88%
Tony's daughterMeadow
85%
Tony's wifeCarmela
84%
Tony's uncle (nickname)Junior
81%
The strip clubBada Bing!
81%
Tony's cover jobWaste Management
Consultant
78%
What Satriale's sellsPork
73%
Reason why Tony seeks
therapy (initially)
Panic Attacks
67%
Tony's therapistJennifer Melfi
66%
Tony's manipulative sisterJanice
66%
Toy that Bobby enjoys playing withModel Trains
59%
Famous actor who starred
as Tony Blundetto, Tony's cousin
Steve Buscemi
56%
Tony's consigliereSilvio Dante
55%
Bosses of the New York familyJohnny Sack
49%
Tony's uncle (actual name)Corrado
49%
Capo who was secretly gayVito Spatafore
48%
Boss before Tony's uncleJackie Aprile
45%
Bosses of the New York familyCarmine Lupertazzi
42%
Artie Bucco's first restaurant
(named after a volcano)
Vesuvio
38%
Bosses of the New York familyPhil Leotardo
34%
Tony's car in the first seasons (model)Chevy {Suburban}
18%

Score Distribution

Percentile by Number Answered

Percent of People with Each Score

Your Score History

You have not taken this quiz